000 00796nam a22001815i 4500
001 161415
003 ES-MaACL
005 20251113164206.0
008 990427s1869 sp |||| | spa d
080 _a929 Calvo Asensio, Pedro
100 1 _aPardo y Bartolini, Manuel.
_9130838
245 1 0 _aElogio histórico del doctor en farmacia D. Pedro Calvo Asensio :
_bleído en la Junta del aniversario 132 de la instalación del Colegio de Farmacéuticos de Madrid /
_cpor Manuel Pardo y Bartolini.
260 _aMadrid :
_b[s.n.],
_c1869 (
_fImp. de José M. Ducazcal)
300 _a[8], 62 p. ;
_c20 cm.
600 1 7 _aCalvo Asensio, Pedro,
_d1821-1863
_2
_9140024
852 4 _aES-MaACL
_jT-106-F-5
_z- Enc. hol., falto de cub. original
_z- Enc. en un vol. facticio
999 _c161415
_d161415